000 00531nam a2200217Ia 4500
003 OSt
005 20220928110353.0
006 a|||||r|||| 00| 0
007 ta
008 220927b |||||||| |||| 00| 0 eng d
024 _a63929
037 _cTextual
040 _aSDCL
_cSDCL
_beng
041 _2eng
_aeng
082 _aZ1y2, M4
245 0 _aRecueil Des Cours
260 _aHague
_bMartinus Nijhoff Publishers
_c1983
300 _a469p.
_ccm.
942 _hZ1y2, M4
_cTEXL
_2CC
999 _c735296
_d735296